| 000 | 00784nam a2200253 a 4500 | ||
|---|---|---|---|
| 001 | 24362 | ||
| 003 | CO-ViMGA | ||
| 008 | 141112s2004 ck r 000 u spa d | ||
| 020 | _a9789583033599 | ||
| 040 |
_aCO-ViMGA _bspa _cCO-ViMGA |
||
| 041 | _aSPA | ||
| 090 | _aA PES5 | ||
| 100 | 1 |
_aPestili, Ellen _935739 |
|
| 245 | 1 | 0 |
_aAmazonía / _cEscrito e ilustrado por Ellen Pestili |
| 260 |
_aBogotá : _bPanAméricana, _c2010 |
||
| 300 | _a35 p. : il. | ||
| 490 | _aOA Infantil | ||
| 500 | _aSelección Ministerio de Educación | ||
| 650 | 1 | 4 |
_aBIODIVERSIDAD - COLOMBIA - LIBROS DE IMAGENES _935740 |
| 650 | 1 | 4 |
_aLEER ES MI CUENTO - COLECCION 2011 _935741 |
| 651 |
_aAMAZONAS (REGION, COLOMBIA) - LIBROS DE IMAGENES _935742 |
||
| 700 | 1 |
_aPestili, Ellen _935739 |
|
| 942 |
_2ddc _cBK |
||
| 999 |
_c2259 _d2259 |
||